Nguyên lý máy T.1

Trình bày khái niệm và định nghĩa cấu trúc cơ cấu máy, cơ cấu phẳng toàn khớp thấp. Phân tích động học và lực cơ cấu phẳng toàn khớp thấp. Những kiến thức cơ bản về ma sát trong khớp động, chuyển động thực của máy, cơ cấu cam phẳ...

Cur síos iomlán

Đã lưu trong:
Sonraí Bibleagrafaíochta
Príomhúdar: Đinh, Gia Tường
Údair Eile: Tạ, Khánh Lâm
Formáid: Leabhar
Teanga:Undetermined
Foilsithe: H. Giáo dục Việt Nam 2010
Ábhair:
Rochtain Ar Líne:http://lrc.tdmu.edu.vn/opac/search/detail.asp?aID=2&ID=7741
Clibeanna: Cuir Clib Leis
Gan Chlibeanna, Bí ar an gcéad duine leis an taifead seo a chlibeáil!
Thư viện lưu trữ: Trung tâm Học liệu Trường Đại học Thủ Dầu Một
LEADER 01215nam a2200229Ia 4500
001 TDMU_7741
008 210410s9999 xx 000 0 und d
082 |a 621.8 
090 |b Đ312 
100 |a Đinh, Gia Tường 
245 0 |a Nguyên lý máy 
245 0 |c Đinh Gia Tường, Tạ Khánh Lâm 
245 0 |n T.1 
260 |a H. 
260 |b Giáo dục Việt Nam 
260 |c 2010 
300 |a 347tr 
520 |a Trình bày khái niệm và định nghĩa cấu trúc cơ cấu máy, cơ cấu phẳng toàn khớp thấp. Phân tích động học và lực cơ cấu phẳng toàn khớp thấp. Những kiến thức cơ bản về ma sát trong khớp động, chuyển động thực của máy, cơ cấu cam phẳng, cơ cấu chuyển động dai, cơ cấu bánh răng phẳng, cơ cấu bánh răng, cơ cấu có truyền động đặc biệt 
650 |a Nguyên lý máy  |v  Giáo trình 
700 |a Tạ, Khánh Lâm 
856 |u http://lrc.tdmu.edu.vn/opac/search/detail.asp?aID=2&ID=7741 
980 |a Trung tâm Học liệu Trường Đại học Thủ Dầu Một